A history of world societies / (Record no. 8063)
[ view plain ]
| 000 -LEADER | |
|---|---|
| fixed length control field | 00896nam a2200301 a 4500 |
| 001 - CONTROL NUMBER | |
| JCCL Control Number | 8063 |
| 003 - CONTROL NUMBER IDENTIFIER | |
| JCCL marc code | BD-JhCC |
| 005 - DATE AND TIME OF LATEST TRANSACTION | |
| control field | 20180218094241.0 |
| 008 - FIXED-LENGTH DATA ELEMENTS--GENERAL INFORMATION | |
| fixed length control field | 960215s1996 mauab b 001 0 eng |
| 020 ## - INTERNATIONAL STANDARD BOOK NUMBER | |
| International Standard Book Number | 0395753775 (student text) |
| 020 ## - INTERNATIONAL STANDARD BOOK NUMBER | |
| International Standard Book Number | 0395765889 (examination copy) |
| 035 ## - SYSTEM CONTROL NUMBER | |
| system control number | (BD-JhCC)8063 |
| 040 ## - CATALOGING SOURCE | |
| Original cataloging agency | DLC |
| Transcribing agency | DLC |
| Modifying agency | BD-JhCC |
| 041 ## - LANGUAGE CODE | |
| Language code of Book | eng |
| 050 00 - LIBRARY OF CONGRESS CALL NUMBER | |
| Classification number | CB69 |
| Item number | .M3 1996b |
| 082 00 - DEWEY DECIMAL CLASSIFICATION NUMBER | |
| Classification number | 909 |
| DDC Edition number | 20 |
| Author mark and Year | MCK 1996 |
| 100 1# - MAIN ENTRY--PERSONAL NAME | |
| Personal name | McKay, John P. |
| 245 12 - TITLE STATEMENT | |
| Title | A history of world societies / |
| Statement of responsibility, etc | John P. McKay, Bennett D. Hill, John Buckler. |
| 250 ## - EDITION STATEMENT | |
| Edition statement | 4th ed. |
| 260 ## - PUBLICATION, DISTRIBUTION, ETC. (IMPRINT) | |
| Place of publication, distribution, etc | Boston : |
| Name of publisher, distributor, etc | Houghton Mifflin, |
| Date of publication, distribution, etc | c1996. |
| 300 ## - PHYSICAL DESCRIPTION | |
| Pagination | xxxii, 1231, 64 p. : |
| Other physical details | ill. (some col.), maps ; |
| Dimensions | 27 cm. |
| 504 ## - BIBLIOGRAPHY, ETC. NOTE | |
| Bibliography, etc | Includes bibliographical references and index. |
| 650 #0 - SUBJECT ADDED ENTRY--TOPICAL TERM | |
| Topical term or geographic name as entry element | Civilization |
| General subdivision | History. |
| 700 1# - ADDED ENTRY--PERSONAL NAME | |
| Personal name | Hill, Bennett D. |
| 700 1# - ADDED ENTRY--PERSONAL NAME | |
| Personal name | Buckler, John. |
| 942 ## - ADDED ENTRY ELEMENTS (KOHA) | |
| Source of classification or shelving scheme | Dewey Decimal Classification |
| Koha item type | Books |
| Source of classification or shelving scheme | Damaged status | Not for loan | Home library | Current library | Shelving location | Date of accession | Total Checkouts | Full call number | Barcode | Date last seen | Copy number | Koha item type |
|---|---|---|---|---|---|---|---|---|---|---|---|---|
| Dewey Decimal Classification | JCC Rouf Library | JCC Rouf Library | General Stacks | 02/18/2018 | 909 MCK 1996 | 10533 | 02/18/2018 | C - 1 | Books |